Perspectives on social change. (Record no. 131850)
[ view plain ]
| 000 -LEADER | |
|---|---|
| fixed length control field | 00408nam a22001457a 4500 |
| 008 - FIXED-LENGTH DATA ELEMENTS--GENERAL INFORMATION | |
| fixed length control field | 240325b |||||||| |||| 00| 0 eng d |
| 020 ## - INTERNATIONAL STANDARD BOOK NUMBER | |
| International Standard Book Number | 0205125751. |
| 050 ## - LIBRARY OF CONGRESS CALL NUMBER | |
| Classification number | HM101.L368 1990 |
| 100 ## - MAIN ENTRY--PERSONAL NAME | |
| Personal name | Lauer, H Robert. |
| 9 (RLIN) | 52597 |
| 245 ## - TITLE STATEMENT | |
| Title | Perspectives on social change. |
| Statement of responsibility, etc | Robert H.lauer |
| 300 ## - PHYSICAL DESCRIPTION | |
| Extent | ix; |
| Other physical details | 438p, |
| Dimensions | 24cm. |
| 650 ## - SUBJECT ADDED ENTRY--TOPICAL TERM | |
| Form subdivision | Social conflict. |
| 9 (RLIN) | 9948 |
| 650 ## - SUBJECT ADDED ENTRY--TOPICAL TERM | |
| Form subdivision | Social change. |
| 942 ## - ADDED ENTRY ELEMENTS (KOHA) | |
| Source of classification or shelving scheme | Library of Congress Classification |
| Item type | Monograph ( Printed materials) |
No items available.